[Event "Steyr Landesliga 1112"]
[Site "Austria"]
[Date "2012.02.04"]
[Round "8.3"]
[White "Steiner, Stefan"]
[Black "Raffalt, Manfred"]
[Result "1-0"]
[WhiteElo "2272"]
[BlackElo "2127"]
[PlyCount "119"]
[EventDate "2011.09.24"]
[EventType "team-tourn"]
[EventRounds "11"]
[EventCountry "AUT"]
[SourceTitle "EXT 2013"]
[Source "ChessBase"]
[SourceDate "2012.11.22"]
[SourceVersion "1"]
[SourceVersionDate "2012.11.22"]
[SourceQuality "1"]
[WhiteTeam "Graz Strassenbahn"]
[BlackTeam "Frauental"]
[WhiteTeamCountry "AUT"]
[BlackTeamCountry "AUT"]

1. Nf3 e6 2. d4 d5 3. c4 c6 4. Nbd2 f5 5. e3 Nf6 6. Be2 Be7 7. 0-0 0-0 8. Ne5 Nbd7 9. Ndf3 Ne4 10. Nxd7 Bxd7 11. Ne5 Bd6 12. f3 Ng5 13. b3 Qc7 14. Bd2 Rae8 15. Rc1 Nf7 16. f4 Nxe5 17. fxe5 Be7 18. Qe1 Kh8 19. Bb4 Bxb4 20. Qxb4 Bc8 21. c5 Qe7 22. Qd2 g5 23. Rf2 Rg8 24. Rcf1 g4 25. g3 h5 26. Rf4 Qg5 27. Qa5 a6 28. Qe1 Re7 29. h3 Rh7 30. h4 Qd8 31. Qb4 Qc7 32. Rc1 Bd7 33. Rff1 Rb8 34. Rc3 Bc8 35. Rc2 Bd7 36. Qd2 Be8 37. Bd3 Rg7 38. Rb1 Kg8 39. b4 Ra8 40. a4 Kh7 41. Rcb2 Rg8 42. Rb3 Bd7 43. Qb2 Rg7 44. Ra3 Rgg8 45. Rba1 Rgb8 46. Rb3 Rg8 47. Kf2 Rgb8 48. Be2 Kg6 49. b5 axb5 50. axb5 Rxa1 51. Qxa1 Qc8 52. Qc1 Ra8 53. e4 Qd8 54. exf5+ exf5 55. bxc6 bxc6 56. Qe3 Qe7 57. Qf4 Be6 58. Rb6 Bd7 59. Bd3 Kg7 60. Rb7 1-0

[Event "Steyr-ch"]
[Site "Lannach"]
[Date "2010.06.03"]
[Round "1.3"]
[White "Raffalt, Manfred"]
[Black "Schreiner, Peter"]
[Result "1-0"]
[WhiteElo "2136"]
[BlackElo "2225"]
[PlyCount "79"]
[EventDate "2010.06.03"]
[EventType "swiss"]
[EventRounds "16"]
[EventCountry "AUT"]
[SourceTitle "EXT 2024"]
[Source "ChessBase"]
[SourceDate "2023.10.10"]
[SourceVersion "1"]
[SourceVersionDate "2023.10.10"]
[SourceQuality "1"]

1. d4 c5 2. d5 e5 3. e4 d6 4. Nc3 Be7 5. Nf3 a6 6. a4 Bg4 7. h3 Bxf3 8. Qxf3 Bg5 9. Qg3 Bxc1 10. Rxc1 g6 11. Be2 h5 12. 0-0 Nd7 13. f4 exf4 14. Rxf4 Ne5 15. Rcf1 Qe7 16. a5 h4 17. Qe3 Kf8 18. Nb1 Kg7 19. Nd2 Rf8 20. Qc3 f6 21. Nf3 g5 22. Nxg5 fxg5 23. Rxf8 Qxf8 24. Rxf8 Kxf8 25. Qe3 Nf6 26. Qxg5 Kf7 27. Qf5 Kg7 28. Qe6 Nf7 29. Qe7 Re8 30. Qxb7 Rxe4 31. Bxa6 c4 32. b3 Re1+ 33. Kf2 Re5 34. Bxc4 Ne4+ 35. Kg1 Kf6 36. Qb4 Nfg5 37. a6 Kf5 38. a7 Kf4 39. a8Q Nf3+ 40. gxf3 1-0

[Event "Steyr-ch"]
[Site "Lannach"]
[Date "2010.06.03"]
[Round "2.3"]
[White "Schreiner, Peter"]
[Black "Raffalt, Manfred"]
[Result "1-0"]
[WhiteElo "2225"]
[BlackElo "2136"]
[PlyCount "61"]
[EventDate "2010.06.03"]
[EventType "swiss"]
[EventRounds "16"]
[EventCountry "AUT"]
[SourceTitle "EXT 2024"]
[Source "ChessBase"]
[SourceDate "2023.10.10"]
[SourceVersion "1"]
[SourceVersionDate "2023.10.10"]
[SourceQuality "1"]

1. e4 e6 2. d4 d5 3. Nd2 c5 4. exd5 exd5 5. Ngf3 Nc6 6. Qe2+ Be7 7. dxc5 Nf6 8. Nb3 0-0 9. Qd1 a5 10. a4 Ne4 11. Be3 f5 12. Nfd4 Ne5 13. Ne2 Nc4 14. Bd4 f4 15. Ng1 Be6 16. Nf3 Rc8 17. Be2 Nxc5 18. Nxc5 Bxc5 19. 0-0 Bf5 20. b3 Nd6 21. Bxc5 Rxc5 22. Nd4 Bd7 23. Re1 Qf6 24. Bf3 Nf7 25. Nb5 Bf5 26. c3 Be6 27. b4 axb4 28. cxb4 Rc4 29. Rxe6 Qxe6 30. Bxd5 Qc8 31. Nd6 1-0

[Event "AUT-chT2M 0910"]
[Site "Austria"]
[Date "2010.02.27"]
[Round "7.6"]
[White "Wertjanz, David"]
[Black "Raffalt, Manfred"]
[Result "1/2-1/2"]
[WhiteElo "2126"]
[BlackElo "2136"]
[PlyCount "64"]
[EventDate "2009.10.10"]
[EventType "team-tourn"]
[EventRounds "11"]
[EventCountry "AUT"]
[SourceTitle "EXT 2011"]
[Source "ChessBase"]
[SourceDate "2010.11.26"]
[SourceVersion "1"]
[SourceVersionDate "2010.11.26"]
[SourceQuality "1"]
[WhiteTeam "Klagenfurt"]
[BlackTeam "Frauental"]
[WhiteTeamCountry "AUT"]
[BlackTeamCountry "AUT"]

1. e4 e5 2. Nf3 Nc6 3. Bb5 Nge7 4. Nc3 Ng6 5. d4 exd4 6. Nxd4 Bc5 7. Nb3 Bb6 8. 0-0 0-0 9. a4 a6 10. Be2 d6 11. Nd5 Ba7 12. Kh1 f5 13. exf5 Bxf5 14. Be3 Bxe3 15. Nxe3 Nf4 16. Bf3 Bd7 17. Nd5 Rb8 18. Nxf4 Rxf4 19. Bd5+ Kh8 20. g3 Rf8 21. f4 Ne7 22. Bg2 Nf5 23. Qd2 Qf6 24. c3 Rfe8 25. Bf3 Ne3 26. Rfe1 Nc4 27. Qf2 Rxe1+ 28. Rxe1 Bxa4 29. Nc1 Nb6 30. b3 Bd7 31. Qe3 h6 32. Qd2 a5 1/2-1/2

[Event "St Veit op 25th"]
[Site "St Veit"]
[Date "2006.07.14"]
[Round "7"]
[White "Raffalt, Manfred"]
[Black "Pilaj, Herwig"]
[Result "1/2-1/2"]
[WhiteElo "2131"]
[BlackElo "2380"]
[PlyCount "56"]
[EventDate "2006.07.08"]
[EventType "swiss"]
[EventRounds "9"]
[EventCountry "AUT"]
[SourceTitle "CBM 113 Extra"]
[Source "ChessBase"]
[SourceDate "2006.09.14"]
[SourceVersion "1"]
[SourceVersionDate "2006.09.14"]
[SourceQuality "1"]

1. d4 Nf6 2. c4 g6 3. g3 c5 4. Nf3 cxd4 5. Nxd4 d5 6. Bg2 dxc4 7. Qa4+ Nfd7 8. Nc3 Bg7 9. Be3 0-0 10. Rd1 Nb6 11. Qa5 N8d7 12. h4 Qc7 13. Ndb5 Qb8 14. h5 Ne5 15. Qa3 Re8 16. Bc5 Bg4 17. hxg6 hxg6 18. Rh4 Bf6 19. Rh1 Nc6 20. Ne4 Bg7 21. Rh4 Bf5 22. Nd4 Nxd4 23. Bxd4 Bxd4 24. Rxd4 Qe5 25. Qc5 Qg7 26. Nc3 e5 27. Rd2 Rec8 28. Qa5 e4 1/2-1/2

[Event "Graz op"]
[Site "Graz"]
[Date "2005.09.11"]
[Round "9"]
[White "Raffalt, Manfred"]
[Black "Schein, Karl Heinz"]
[Result "1/2-1/2"]
[WhiteElo "2115"]
[BlackElo "2251"]
[PlyCount "77"]
[EventDate "2005.09.03"]
[EventType "swiss"]
[EventRounds "9"]
[EventCountry "AUT"]
[SourceTitle "EXT 2007"]
[Source "ChessBase"]
[SourceDate "2006.11.23"]
[SourceVersion "1"]
[SourceVersionDate "2006.11.23"]
[SourceQuality "1"]

1. d4 Nf6 2. c4 e6 3. Nc3 Bb4 4. e3 b6 5. Nge2 Ba6 6. a3 Be7 7. b3 d5 8. Bb2 0-0 9. Ng3 Qd7 10. Bd3 c5 11. cxd5 cxd4 12. Nce4 Nxe4 13. Nxe4 exd5 14. Ng3 Bxd3 15. Qxd3 dxe3 16. fxe3 Nc6 17. 0-0 g6 18. Rac1 Rac8 19. Rc2 f6 20. Rd2 Rcd8 21. Ne2 Ne5 22. Qd4 Bc5 23. Qf4 a5 24. h3 Qb5 25. Nd4 Qe8 26. Nc2 a4 27. Bxe5 fxe5 28. Qxa4 Rxf1+ 29. Kxf1 Qxa4 30. bxa4 Kf7 31. Ke2 Ke6 32. Nb4 Ra8 33. Nxd5 Rxa4 34. Nc7+ Kf5 35. Nb5 Ra5 36. Rb2 Bxa3 37. Nxa3 Rxa3 38. Rxb6 Ra2+ 39. Kf3 1/2-1/2

[Event "Graz op-A"]
[Site "Graz"]
[Date "2004.09.10"]
[Round "7"]
[White "Cojhter, Karl"]
[Black "Raffalt, Manfred"]
[Result "0-1"]
[WhiteElo "2137"]
[BlackElo "2181"]
[PlyCount "62"]
[EventDate "2004.09.04"]
[EventType "swiss"]
[EventRounds "9"]
[EventCountry "AUT"]
[SourceTitle "EXT 2006"]
[Source "ChessBase"]
[SourceDate "2005.11.24"]
[SourceVersion "1"]
[SourceVersionDate "2005.11.24"]
[SourceQuality "1"]

1. e4 e5 2. d4 exd4 3. c3 d5 4. exd5 Qxd5 5. cxd4 Nc6 6. Nf3 Bg4 7. Be2 Nf6 8. Nc3 Qh5 9. Be3 Bb4 10. h3 0-0 11. 0-0 Bd6 12. Re1 Rfe8 13. hxg4 Nxg4 14. Bc4 Bh2+ 15. Kf1 Bg3 16. Kg1 Rxe3 17. fxe3 Bf2+ 18. Kf1 Qh1+ 19. Ke2 Qxg2 20. Bxf7+ Kh8 21. Kd3 b5 22. Nd5 Bxe1 23. Nxe1 Nf2+ 24. Ke2 Qg3 25. Qc2 Na5 26. Qxc7 Qg1 27. Nc2 Qg2 28. Nf4 Qe4 29. Kxf2 Qxc2+ 30. Kg3 Qxc7 31. Be6 g5 0-1

[Event "Jacques Lemans op 23rd"]
[Site "St Veit"]
[Date "2004.07.17"]
[Round "8"]
[White "Raffalt, Manfred"]
[Black "Sachsenhofer, Wolfgang"]
[Result "1-0"]
[WhiteElo "2189"]
[BlackElo "2067"]
[PlyCount "77"]
[EventDate "2004.07.10"]
[EventType "swiss"]
[EventRounds "9"]
[EventCountry "AUT"]
[SourceTitle "CBM 101 Extra"]
[Source "ChessBase"]
[SourceDate "2004.09.01"]
[SourceVersion "2"]
[SourceVersionDate "2004.09.01"]
[SourceQuality "1"]

1. d4 d5 2. c4 e6 3. Nc3 Nf6 4. Bg5 Be7 5. Nf3 0-0 6. e3 Nbd7 7. Bd3 c6 8. Rc1 h6 9. Bh4 Nh7 10. Bg3 Re8 11. 0-0 Bf6 12. b4 a6 13. Re1 Ng5 14. e4 Nxf3+ 15. gxf3 dxc4 16. Bxc4 Nb6 17. Ne2 Qe7 18. e5 Bg5 19. f4 Bh4 20. Bd3 Bxg3 21. Nxg3 Qxb4 22. Rb1 Qa5 23. Qg4 Kh8 24. Nh5 Rg8 25. Re3 Nd5 26. Rg3 g6 27. Kh1 Qd8 28. Rbg1 Bd7 29. Qh3 Qf8 30. Qh4 c5 31. dxc5 Bc6 32. f3 Rd8 33. Be4 Qe7 34. Qh3 gxh5 35. Qxh5 f5 36. Bxd5 Bxd5 37. Qxh6+ Qh7 38. Qf6+ Qg7 39. Rh3# 1-0

[Event "AUT-ch"]
[Site "Oberpullendorf"]
[Date "2002.08.17"]
[Round "8"]
[White "Raffalt, Manfred"]
[Black "Rolletschek, Heinrich"]
[Result "0-1"]
[WhiteElo "2213"]
[BlackElo "2262"]
[PlyCount "84"]
[EventDate "2002.08.10"]
[EventType "swiss"]
[EventRounds "9"]
[EventCountry "AUT"]
[SourceTitle "CBM 089 Extra"]
[Source "ChessBase"]
[SourceDate "2002.09.10"]
[SourceVersion "2"]
[SourceVersionDate "2002.09.10"]
[SourceQuality "1"]

1. d4 g6 2. e4 Bg7 3. Nf3 d6 4. Nc3 Nf6 5. Be2 0-0 6. 0-0 c6 7. a4 Qc7 8. a5 e5 9. dxe5 dxe5 10. Be3 Qe7 11. Qc1 Nbd7 12. Bc4 Nc5 13. Ng5 h6 14. b4 Ncd7 15. Nxf7 Rxf7 16. Bxh6 Qxb4 17. Bxf7+ Kxf7 18. Bxg7 Kxg7 19. Ra3 Nf8 20. Rb3 Qxa5 21. f4 Qc5+ 22. Kh1 a5 23. f5 a4 24. Ra3 b5 25. Ne2 Nxe4 26. f6+ Nxf6 27. Raf3 N8h7 28. Ng3 Qe7 29. Rxf6 Nxf6 30. Qg5 Nd5 31. Nh5+ Kh7 32. Nf6+ Nxf6 33. Rxf6 Qe8 34. h4 a3 35. h5 Bf5 36. hxg6+ Bxg6 37. Rf3 a2 38. Rh3+ Kg7 39. Qh6+ Kf7 40. Rf3+ Ke6 41. Qh3+ Kd6 42. Rf6+ Kc7 0-1

[Event "AUT-ch"]
[Site "Oberpullendorf"]
[Date "2002.08.14"]
[Round "5"]
[White "Bachofner, Andreas"]
[Black "Raffalt, Manfred"]
[Result "1-0"]
[WhiteElo "2327"]
[BlackElo "2213"]
[PlyCount "49"]
[EventDate "2002.08.10"]
[EventType "swiss"]
[EventRounds "9"]
[EventCountry "AUT"]
[SourceTitle "CBM 089 Extra"]
[Source "ChessBase"]
[SourceDate "2002.09.10"]
[SourceVersion "2"]
[SourceVersionDate "2002.09.10"]
[SourceQuality "1"]

1. e4 e6 2. d4 d5 3. Nc3 Bb4 4. exd5 exd5 5. Bd3 Nc6 6. a3 Bd6 7. Nb5 Nge7 8. Qh5 Ng6 9. Ne2 0-0 10. Nxd6 Qxd6 11. Bf4 Qd7 12. 0-0-0 a6 13. Rde1 b5 14. Bd2 Qd6 15. Nf4 b4 16. axb4 Nxb4 17. Bxb4 Qxb4 18. Nxd5 Qd6 19. Ne7+ Kh8 20. Re4 Nxe7 21. Rxe7 Qf4+ 22. Kb1 h6 23. Qe5 Qg4 24. f3 Qxg2 25. Qe4 1-0

[Event "AUT-ch"]
[Site "Oberpullendorf"]
[Date "2002.08.13"]
[Round "4"]
[White "Raffalt, Manfred"]
[Black "Bachofner, Christian"]
[Result "1-0"]
[WhiteElo "2213"]
[BlackElo "2151"]
[PlyCount "73"]
[EventDate "2002.08.10"]
[EventType "swiss"]
[EventRounds "9"]
[EventCountry "AUT"]
[SourceTitle "CBM 089 Extra"]
[Source "ChessBase"]
[SourceDate "2002.09.10"]
[SourceVersion "2"]
[SourceVersionDate "2002.09.10"]
[SourceQuality "1"]

1. d4 d5 2. c4 c6 3. cxd5 cxd5 4. Nc3 Nf6 5. Bf4 Nc6 6. e3 Bf5 7. Qb3 Qd7 8. Nf3 a6 9. Ne5 Nxe5 10. dxe5 Ne4 11. Qxd5 Nxc3 12. Qxd7+ Bxd7 13. bxc3 Rc8 14. Be2 e6 15. 0-0 Be7 16. Bf3 g5 17. Bg3 Rc7 18. a4 b6 19. Be2 a5 20. Rfb1 Bc5 21. h4 h6 22. Bb5 Ke7 23. c4 Bxb5 24. cxb5 Rd8 25. Rd1 Rcd7 26. Rxd7+ Rxd7 27. hxg5 hxg5 28. Rc1 Rd3 29. Rc4 Ra3 30. Rg4 Bb4 31. Rxg5 Rxa4 32. Rg4 Ra1+ 33. Kh2 Rb1 34. Bh4+ Kf8 35. Bf6 a4 36. Rd4 Kg8 37. Rh4 1-0

[Event "AUT-chT2S 0102"]
[Site "Austria"]
[Date "2001.11.11"]
[Round "4.5"]
[White "Raffalt, Manfred"]
[Black "Singer, Richard"]
[Result "1-0"]
[WhiteElo "2171"]
[BlackElo "2303"]
[PlyCount "81"]
[EventDate "2001.11.10"]
[EventType "team-tourn"]
[EventRounds "11"]
[EventCountry "AUT"]
[SourceTitle "EXT 2003"]
[Source "ChessBase"]
[SourceDate "2002.11.25"]
[SourceVersion "1"]
[SourceVersionDate "2002.11.25"]
[SourceQuality "1"]

1. d4 Nf6 2. c4 e6 3. Nc3 Bb4 4. e3 b6 5. Nge2 Bb7 6. a3 Bxc3+ 7. Nxc3 0-0 8. Bd3 d6 9. 0-0 c5 10. d5 exd5 11. cxd5 Nbd7 12. e4 a6 13. a4 Qc7 14. Bg5 c4 15. Bc2 h6 16. Bh4 Qc5 17. Kh1 b5 18. f3 b4 19. Bf2 Qc7 20. Ne2 a5 21. Rc1 Ba6 22. Re1 Nc5 23. Ng3 Rfe8 24. Bd4 Ncd7 25. f4 g6 26. Qf3 Bb7 27. Bb1 Rac8 28. Ba2 b3 29. Bb1 Qd8 30. Re3 Nb6 31. f5 g5 32. Nh5 Nbd7 33. Nxf6+ Nxf6 34. h4 g4 35. Qf4 Kh7 36. Rf1 Rg8 37. Qf2 g3 38. Rxg3 Nxe4 39. Bxe4 Qxh4+ 40. Rh3 Qxe4 41. Qd2 1-0

[Event "Jacques Lemans op 20th"]
[Site "St Veit"]
[Date "2001.07.??"]
[Round "?"]
[White "Raffalt, Manfred"]
[Black "Wersching, Alfred"]
[Result "1-0"]
[WhiteElo "2171"]
[BlackElo "2095"]
[PlyCount "81"]
[EventDate "2001.07.07"]
[EventType "swiss"]
[EventRounds "9"]
[EventCountry "AUT"]
[SourceTitle "EXT 2004"]
[Source "ChessBase"]
[SourceDate "2003.11.25"]
[SourceVersion "1"]
[SourceVersionDate "2003.11.25"]
[SourceQuality "1"]

1. d4 Nf6 2. c4 e6 3. Nc3 Bb4 4. e3 b6 5. Nge2 Ba6 6. Ng3 h5 7. Bd3 Bxc3+ 8. bxc3 Bb7 9. f3 d6 10. 0-0 h4 11. Ne2 e5 12. e4 Nfd7 13. a4 Nc6 14. f4 Na5 15. Ba3 c5 16. Nc1 Qe7 17. fxe5 dxe5 18. Nb3 Nxb3 19. Qxb3 Qg5 20. Rae1 h3 21. Rf2 exd4 22. cxd4 0-0-0 23. g3 cxd4 24. Rf5 Qh6 25. Qc2 Kb8 26. a5 Rhe8 27. axb6 axb6 28. c5 Rc8 29. Bc1 Qc6 30. Bf4+ Rc7 31. cxb6 Qxb6 32. Bxc7+ Qxc7 33. Qxc7+ Kxc7 34. Rxf7 Kd6 35. Rxg7 Ne5 36. Rxb7 Nxd3 37. Rd1 Ne5 38. Rxd4+ Kc6 39. Rb3 Kc5 40. Rd1 Nc4 41. Rc1 1-0

[Event "Graz op"]
[Site "Graz"]
[Date "2001.??.??"]
[Round "5"]
[White "Huber, Adolf"]
[Black "Raffalt, Manfred"]
[Result "0-1"]
[WhiteElo "2050"]
[BlackElo "2171"]
[PlyCount "38"]
[EventDate "2001.09.??"]
[EventType "swiss"]
[EventRounds "9"]
[EventCountry "AUT"]
[SourceTitle "EXT 2002"]
[Source "ChessBase"]
[SourceDate "2001.11.25"]
[SourceVersion "1"]
[SourceVersionDate "2001.11.25"]
[SourceQuality "1"]

1. e4 g6 2. d4 Bg7 3. Be2 c6 4. Nf3 d5 5. exd5 cxd5 6. 0-0 Nc6 7. Be3 Nh6 8. c3 0-0 9. Ne5 Nf5 10. Bf4 f6 11. Nxc6 bxc6 12. g4 Nd6 13. Nd2 e5 14. Bg3 exd4 15. cxd4 f5 16. Be5 fxg4 17. Bxg4 Bxe5 18. dxe5 Qg5 19. exd6 Bxg4 0-1

[Event "Graz op"]
[Site "Graz"]
[Date "2001.??.??"]
[Round "6"]
[White "Raffalt, Manfred"]
[Black "Titz, Heimo"]
[Result "1/2-1/2"]
[WhiteElo "2171"]
[BlackElo "2282"]
[PlyCount "75"]
[EventDate "2001.09.??"]
[EventType "swiss"]
[EventRounds "9"]
[EventCountry "AUT"]
[SourceTitle "EXT 2002"]
[Source "ChessBase"]
[SourceDate "2001.11.25"]
[SourceVersion "1"]
[SourceVersionDate "2001.11.25"]
[SourceQuality "1"]

1. d4 Nf6 2. Nf3 e6 3. e3 c5 4. Bd3 b6 5. 0-0 Bb7 6. Nbd2 Be7 7. c3 0-0 8. Qe2 Nc6 9. a3 d5 10. Ne5 Nxe5 11. dxe5 Ne4 12. f3 Nxd2 13. Bxd2 f5 14. exf6 Bxf6 15. Rad1 Qc7 16. e4 Rad8 17. f4 c4 18. Bb1 d4 19. cxd4 Bxd4+ 20. Kh1 b5 21. Bc3 Bxc3 22. Rxd8 Rxd8 23. bxc3 Rf8 24. e5 Bd5 25. f5 exf5 26. Rxf5 Rxf5 27. Bxf5 Qf7 28. Bc2 g6 29. h3 Qe7 30. a4 Qd7 31. Be4 bxa4 32. Bxd5+ Qxd5 33. e6 Qc6 34. Qe5 Qe8 35. Qd5 Qe7 36. Qxc4 a3 37. Qd5 g5 38. g4 1/2-1/2

[Event "AUT-chT2S 0001"]
[Site "Austria"]
[Date "2000.12.09"]
[Round "5"]
[White "Raffalt, Manfred"]
[Black "Jacob, Volker"]
[Result "1-0"]
[WhiteElo "2175"]
[BlackElo "2233"]
[PlyCount "146"]
[EventDate "2000.??.??"]
[EventType "team-tourn"]
[EventRounds "11"]
[EventCountry "AUT"]
[SourceTitle "EXT 2002"]
[Source "ChessBase"]
[SourceDate "2001.11.25"]
[SourceVersion "1"]
[SourceVersionDate "2001.11.25"]
[SourceQuality "1"]

1. d4 Nf6 2. Nf3 e6 3. e3 d5 4. Bd3 Be7 5. Nbd2 b6 6. Ne5 Bb7 7. f4 a6 8. 0-0 c5 9. c3 Qc7 10. Qf3 Nbd7 11. g4 h6 12. Rf2 Rf8 13. a3 Nxe5 14. fxe5 Nd7 15. Qh3 0-0-0 16. Nf3 f6 17. Nh4 fxe5 18. Ng6 Rxf2 19. Nxe7+ Kb8 20. Kxf2 Nf8 21. Ng6 e4 22. Ne5 exd3 23. Nxd3 Ng6 24. Bd2 e5 25. Kg1 c4 26. Nb4 Qe7 27. Qh5 Nh4 28. Rf1 e4 29. Be1 Nf3+ 30. Kh1 Ka7 31. Bg3 a5 32. Nc2 Rf8 33. Rf2 Bc6 34. a4 Qe6 35. Ne1 Be8 36. Qh3 Ng5 37. Qg2 Rxf2 38. Bxf2 Bxa4 39. Qg3 Kb7 40. h4 Nf7 41. Bg1 g5 42. Bh2 Ka6 43. Qb8 Bc6 44. Qc7 Bb7 45. Ng2 Qf6 46. Kg1 Qf3 47. h5 Qd1+ 48. Kf2 Qd2+ 49. Kg1 Qc1+ 50. Kf2 Qxb2+ 51. Kg3 Qxc3 52. Qxf7 Qd2 53. Kh3 Qe2 54. Qc7 Qd3 55. Bd6 c3 56. Ba3 Qc4 57. Qd6 c2 58. Bc1 Qf1 59. Qa3 Qf3+ 60. Kh2 Qxg4 61. Qc3 Qxh5+ 62. Kg3 Qd1 63. Bd2 Qf3+ 64. Kh2 h5 65. Qxc2 h4 66. Bc1 Ka7 67. Qd2 g4 68. Ne1 Qf1 69. Ng2 Bc8 70. Nxh4 Qh3+ 71. Kg1 Qxh4 72. Ba3 Qg3+ 73. Kf1 Ba6+ 1-0